Turismo sexual: síntoma de la mercantilización de la vida humana /

Guardat en:
Dades bibliogràfiques
Autor principal: Forero Medina, Nelson Camilo
Format: Text
Etiquetes: Afegir etiqueta
Sense etiquetes, Sigues el primer a etiquetar aquest registre!

MARC

LEADER 00000 a a2200000 04500
001 48728
003
040
100 |a Forero Medina, Nelson Camilo  
245 |a Turismo sexual:   |b síntoma de la mercantilización de la vida humana /  |c Nelson Camilo Forero Medina  
773 |a volumen12, número1, (2015), páginas 73-95  
999 |c 38666  |d 38666